🎶 Paroles "Mesdames" Grand Corps Malade - Statistiques

Statistiques générales
  • Ce quiz a été pris 255 fois
  • Le résultat moyen est 310 sur 402
Statistiques - réponses
Mots % Correct
à
99%
Angela
99%
Curie,
99%
Marie
99%
Veil,
98%
d'
97%
Davis
97%
s'
97%
Simone
97%
mesdames
96%
are
95%
are,
95%
l'
95%
Parks,
95%
qu'
95%
de
94%
De
94%
ce
93%
Et
93%
et
93%
You
93%
you
93%
que
92%
Que
92%
Rosa
92%
j'
91%
J'
91%
the
91%
un
90%
vous
90%
Vous
90%
la
89%
La
89%
le
89%
êtes
88%
only
87%
nos
86%
one,
86%
one
86%
qui
86%
ces
85%
en
85%
mère
85%
on
85%
Veuillez
84%
accepter
83%
Au
83%
au
83%
cette
83%
Comme
83%
une
83%
votre
83%
homme
82%
homme,
82%
sœurs,
82%
soeurs,
82%
femme
81%
hommage
81%
mots
81%
ou
81%
quelques
81%
est
80%
nous
80%
pour
80%
Pour
80%
belle
79%
les
79%
mères,
79%
des
78%
chaque
77%
gente
77%
plus
77%
fort,
76%
vie,
76%
only
75%
admire,
74%
aime
74%
dans
74%
Dans
74%
femmes,
74%
filles
74%
se
74%
toute
74%
avenir
72%
masculine
72%
crée
71%
tu
71%
foyer
70%
poète
70%
quand
70%
si
70%
caissières,
69%
flamme
69%
notre
69%
orage
69%
sans
69%
corps
68%
grand
68%
grand,
68%
lurette
68%
muses,
68%
place
68%
prend
68%
puis
68%
ton
68%
depuis
67%
Derrière
67%
docteures
67%
être
67%
beaux
66%
bien
66%
cinéma
66%
deux
66%
ne
66%
balances
65%
démagogie
65%
écrivait
65%
parle
65%
pas
65%
personnages
65%
porc
65%
réparation
65%
vacille
65%
cache
64%
celles
64%
honnête
64%
tentative
64%
déclaration
63%
inspire
63%
respire
63%
aussi
62%
cœurs
62%
mains
62%
otage
62%
applaudis
61%
humain
61%
infiniment
61%
vices
61%
classes
60%
elles
60%
machisme
60%
profond
60%
admiration
59%
courage
59%
délicate
59%
détermination
59%
Face
59%
installé
59%
pensées
59%
rupture
59%
trop
59%
yeux
59%
chapitre
58%
futur
58%
mon
58%
neuf
58%
tenez
58%
livre
57%
mois
57%
coutumes,
56%
élégantes
56%
force,
56%
pendant
56%
cultures
55%
ont
55%
sourciller
55%
appartient
54%
mesure
54%
vouloir
54%
Car
53%
Comment
53%
journée
52%
important
51%
apprécie
50%
commune
50%
fabriquent
50%
humains
49%
Celui
47%
emplois
47%
portent
47%
subtiles,
47%
motivation
45%
taxé
45%
tendresse
45%
plusieurs
44%
petite
43%
influences,
42%
anthologie
41%
cumulent
41%
degré
41%
faiblesse
41%
intro
41%
premier
41%
réelle
41%
aimable
39%
empathie,
35%
fragilité,
31%
pressé
21%
Aucun quiz correspondant
Distribution des résultats
% des personnes avec chaque résultat
Percentile par nombre de réponses
Votre historique - résultats
Vous n’avez pas pris ce quiz